[Event "Lasker A 2018"]
[Site "?"]
[Date "2018.07.07"]
[Round "7.5"]
[White "Chojnacki, Krzysztof"]
[Black "Goluch, Piotr"]
[Result "1/2-1/2"]
[WhiteElo "2385"]
[BlackElo "2332"]
[PlyCount "179"]
[EventDate "2018.??.??"]
[WhiteClock "0:19:19"]
[BlackClock "0:03:30"]

1. d4 Nf6 2. c4 d6 3. Nc3 e5 4. dxe5 dxe5 5. Qxd8+ Kxd8 6. Nf3 Nc6 7. Bg5 Be6
8. O-O-O+ Kc8 9. Bxf6 gxf6 10. e3 Rg8 11. Nd5 f5 12. g3 e4 13. Nh4 Ne5 14. Be2
c6 15. Nf4 Bxc4 16. Bxc4 Nxc4 17. Nxf5 Rg5 18. Rd4 Rxf5 19. Rxc4 Rc5 20. Rxc5
Bxc5 21. Rd1 Kc7 22. Nh5 Be7 23. Rd4 f5 24. Ng7 Bf6 25. Ne6+ Kc8 26. Rd6 Be7
27. Rd2 Bf6 28. h3 h5 29. h4 a5 30. Nf4 Kc7 31. Nxh5 Be5 32. Nf4 Re8 33. Kd1 a4
34. Ke2 b5 35. f3 exf3+ 36. Kxf3 b4 37. Ng6 Bg7 38. Kf4 c5 39. Re2 c4 40. Kxf5
b3 41. axb3 cxb3 42. Nf4 Kc6 43. Kg6 Bxb2 44. Rxb2 Rxe3 45. Ne2 Rxe2 46. Rxe2
a3 47. Re3 b2 48. Rb3 a2 49. Rxb2 a1=Q 50. Rb4 Qd1 51. Kg5 Qf3 52. Rg4 Kd5 53.
h5 Ke5 54. Kh4 Qh1+ 55. Kg5 Qh3 56. h6 Ke6 57. Re4+ Kf7 58. Rf4+ Kg8 59. h7+
Qxh7 60. Rf5 Qh3 61. Kf4 Kg7 62. g4 Qf1+ 63. Kg3 Qe1+ 64. Kg2 Kg6 65. Kf3 Qf1+
66. Kg3 Qd3+ 67. Kg2 Qe3 68. Kh2 Qe1 69. Kh3 Qg1 70. Rh5 Qe3+ 71. Kg2 Qf4 72.
Kh3 Qf3+ 73. Kh4 Qg2 74. Rg5+ Kf6 75. Rf5+ Ke6 76. Kh5 Qh3+ 77. Kg5 Qh2 78. Rb5
Qd2+ 79. Kh5 Kf6 80. g5+ Ke6 81. Rb6+ Kf7 82. g6+ Ke7 83. Rb7+ Kf6 84. Rb6+ Kf5
85. Rb5+ Kf4 86. g7 Qe2+ 87. Kh6 Qxb5 88. g8=Q Qc6+ 89. Qg6 Qxg6+ 90. Kxg6
1/2-1/2

[Event "Lasker A 2018"]
[Site "?"]
[Date "2018.07.07"]
[Round "7.7"]
[White "Sanz, Wawer Daniel"]
[Black "Lagunow, Raphael"]
[Result "0-1"]
[WhiteElo "2233"]
[BlackElo "2411"]
[PlyCount "90"]
[EventDate "2018.??.??"]
[WhiteClock "0:04:41"]
[BlackClock "0:01:02"]

1. e4 c5 2. Nc3 Nc6 3. g3 g6 4. Bg2 Bg7 5. d3 d6 6. Be3 e5 7. Qd2 Nge7 8. Bh6
Bxh6 9. Qxh6 Nd4 10. Qd2 Be6 11. Nge2 O-O 12. O-O Qd7 13. Nxd4 cxd4 14. Ne2
Rac8 15. f4 f6 16. c3 dxc3 17. Nxc3 Nc6 18. Rac1 Kg7 19. b3 Qd8 20. Ne2 Qb6+
21. Kh1 a5 22. h3 Rfd8 23. Rfd1 Nd4 24. Nxd4 exd4 25. f5 Bg8 26. fxg6 hxg6 27.
g4 Qb5 28. a4 Qg5 29. Qb2 Qe3 30. b4 axb4 31. Rxc8 Rxc8 32. Qxb4 Rc2 33. Rg1
Qxd3 34. Qxd6 Qe3 35. Rb1 Bf7 36. e5 Rc1+ 37. Rxc1 Qxc1+ 38. Kh2 Qf4+ 39. Kg1
fxe5 40. Bxb7 Qg3+ 41. Bg2 d3 42. a5 Qe1+ 43. Kh2 d2 44. Bf3 Qf2+ 45. Bg2 Qe2
0-1

[Event "Lasker A 2018"]
[Site "?"]
[Date "2018.07.07"]
[Round "7.9"]
[White "Aliavdin, Nikolai"]
[Black "Woithe, Daniel"]
[Result "1-0"]
[WhiteElo "2338"]
[BlackElo "1882"]
[PlyCount "89"]
[EventDate "2018.??.??"]
[WhiteClock "0:05:34"]
[BlackClock "1:01:56"]

1. d4 d5 2. Bf4 Nf6 3. e3 c5 4. c3 Nc6 5. Nf3 Qb6 6. Qb3 c4 7. Qc2 Bf5 8. Qc1
e6 9. Nbd2 Qd8 10. Be2 Bd6 11. Bxd6 Qxd6 12. b3 cxb3 13. axb3 O-O 14. O-O Rfe8
15. Qa3 Qxa3 16. Rxa3 Ne4 17. Nxe4 Bxe4 18. Nd2 Bg6 19. b4 a6 20. Rfa1 Rac8 21.
b5 axb5 22. Bxb5 Re7 23. Bxc6 bxc6 24. Nb3 Bd3 25. Nc5 Bb5 26. h4 g6 27. g4 Kg7
28. g5 h6 29. f4 h5 30. Kf2 Kf8 31. Ra7 Rcc7 32. R7a5 Rc8 33. Ra8 Rxa8 34.
Rxa8+ Kg7 35. e4 Bc4 36. e5 Bb5 37. Ke3 Rc7 38. Kd2 Re7 39. Kc1 Rc7 40. Kb2 Re7
41. Ka3 Rc7 42. Kb4 Re7 43. Ka5 Rc7 44. Kb6 Re7 45. Rd8 1-0

[Event "Lasker A 2018"]
[Site "?"]
[Date "2018.07.07"]
[Round "7.10"]
[White "Bartnicki, Pawel"]
[Black "Strassburg, Robin Leonard"]
[Result "1-0"]
[WhiteElo "2085"]
[BlackElo "1726"]
[PlyCount "83"]
[EventDate "2018.??.??"]
[WhiteClock "0:05:56"]
[BlackClock "0:07:45"]

1. d4 d5 2. Nf3 e6 3. Bf4 f5 4. e3 Nf6 5. Bd3 Bd6 6. Bxd6 Qxd6 7. O-O O-O 8. c4
c6 9. c5 Qc7 10. b4 Nbd7 11. Nbd2 Ne4 12. Bxe4 fxe4 13. Ng5 Nf6 14. f4 h6 15.
Nh3 Bd7 16. a4 Be8 17. Nf2 g5 18. fxg5 hxg5 19. Ng4 Qg7 20. Nxf6+ Rxf6 21. Rxf6
Qxf6 22. Qg4 Bg6 23. h4 Bf5 24. Qg3 Kh7 25. hxg5 Qg6 26. b5 Rg8 27. bxc6 bxc6
28. Rb1 Qxg5 29. Rb7+ Kh6 30. Qh2+ Qh5 31. Qxh5+ Kxh5 32. Rxa7 e5 33. Nf1 exd4
34. exd4 Bg4 35. Ne3 Be2 36. Kf2 Bd3 37. Rc7 Ra8 38. Rxc6 Rxa4 39. Nxd5 Rxd4
40. Nf4+ Kg4 41. Ke3 Rd7 42. Rg6+ 1-0

[Event "Lasker A 2018"]
[Site "?"]
[Date "2018.07.07"]
[Round "7.11"]
[White "Matthes, Aaron"]
[Black "Sliwerski, Radoslaw"]
[Result "0-1"]
[WhiteElo "1791"]
[BlackElo "2011"]
[PlyCount "60"]
[EventDate "2018.??.??"]
[WhiteClock "0:45:36"]
[BlackClock "1:32:01"]

1. d4 Nf6 2. Nf3 d5 3. g3 e6 4. Bg2 c5 5. O-O Nc6 6. b3 cxd4 7. Nxd4 Bc5 8. Bb2
O-O 9. e3 Qe7 10. Nd2 e5 11. Nxc6 bxc6 12. c4 e4 13. Rc1 Ba3 14. Qc2 Bg4 15.
Nb1 Bxb2 16. Qxb2 Qe6 17. cxd5 cxd5 18. Rc7 h5 19. h4 Nd7 20. Rfc1 Ne5 21. Na3
Nd3 22. Qc3 Nxc1 23. Qxc1 Rfc8 24. Nb5 Qb6 25. Rxc8+ Rxc8 26. Qf1 Rc2 27. Nd4
Rxa2 28. Qc1 Qa5 29. Qc6 Qe1+ 30. Kh2 Qxf2 0-1

[Event "Lasker A 2018"]
[Site "?"]
[Date "2018.07.07"]
[Round "7.12"]
[White "Pettersson, Alexander"]
[Black "Matthes, Benjamin"]
[Result "1-0"]
[WhiteElo "2060"]
[BlackElo "1750"]
[PlyCount "96"]
[EventDate "2018.??.??"]
[WhiteClock "0:00:33"]
[BlackClock "0:01:12"]

1. d4 d5 2. c4 e6 3. Nc3 c5 4. cxd5 exd5 5. Nf3 Nc6 6. g3 Nf6 7. Bg2 cxd4 8.
Nxd4 Be7 9. O-O O-O 10. b3 Be6 11. Bb2 Qd7 12. Rc1 Rfd8 13. Na4 Nxd4 14. Qxd4
b6 15. Rfd1 Rac8 16. Rc3 Rxc3 17. Nxc3 Bc5 18. Qd2 b5 19. Qg5 h6 20. Qf4 d4 21.
Ne4 Nxe4 22. Bxe4 Qd6 23. Qxd6 Rxd6 24. Rc1 Bb6 25. Kg2 Bd5 26. Rc8+ Bd8 27.
Bxd5 Rxd5 28. Kf3 Kh7 29. Ke4 d3 30. exd3 Rd7 31. Ba3 Bb6 32. Bc5 Bd8 33. d4
Kg6 34. Ra8 a5 35. h3 f5+ 36. Kd3 h5 37. Ra6+ Kh7 38. Rd6 Rxd6 39. Bxd6 a4 40.
bxa4 bxa4 41. Kc4 Ba5 42. Kd5 Be1 43. f3 g5 44. Ke6 Kg6 45. g4 fxg4 46. fxg4
Bc3 47. d5 Bf6 48. Be7 Bd4 1-0